| Tag |
First Indicator |
Second Indicator |
Subfields |
| LEADER |
00000cam a22000008a 4500 |
| 001 |
in00000579421 |
| 005 |
20151014090424.0 |
| 008 |
860819s1987 enk 00110 eng |
| 010 |
|
|
|a 86021759
|
| 020 |
|
|
|a 0198140495 :
|c $42.00 (U.S.)
|
| 035 |
|
|
|a (OCoLC)14187839
|
| 035 |
|
|
|9 ACQ6816AM
|
| 040 |
|
|
|a DLC
|c DLC
|d m/c
|d TXA
|d UtOrBLW
|
| 041 |
1 |
|
|a eng
|h gre
|
| 049 |
|
|
|a TXAM
|c [A10905398]
|
| 050 |
0 |
0 |
|a PA3875
|b .L8 1987
|
| 082 |
0 |
|
|a 882/.01
|2 19
|
| 100 |
0 |
|
|a Aristophanes.
|
| 240 |
1 |
0 |
|a Lysistrata.
|l English
|
| 245 |
1 |
0 |
|a Aristophanes' Lysistrata /
|c edited with introduction and commentary by Jeffrey Henderson.
|
| 263 |
|
|
|a 8711
|
| 264 |
|
1 |
|a Oxford [Oxfordshire] :
|b Clarendon Press ;
|a New York :
|b Oxford University Press,
|c 1987.
|
| 300 |
|
|
|a lxxii, 236 pages
|
| 336 |
|
|
|a text
|b txt
|2 rdacontent
|
| 337 |
|
|
|a unmediated
|b n
|2 rdamedia
|
| 338 |
|
|
|a volume
|b nc
|2 rdacarrier
|
| 500 |
|
|
|a Includes indexes.
|
| 651 |
|
0 |
|a Greece
|x History
|y Peloponnesian War, 431-404 B.C.
|v Drama.
|
| 700 |
1 |
|
|a Henderson, Jeffrey,
|d 1946-
|
| 999 |
|
|
|a MARS
|
| 999 |
f |
f |
|s e84a323a-9c3a-3169-863f-3da0a11bf70b
|i c1271171-4161-3e8c-b285-d8f3a12f6099
|t 0
|
| 952 |
f |
f |
|p ric
|a Texas A&M University
|b Rellis Campus
|c Joint Library Facility
|s JLF
|d Remote Storage
|t 0
|e PA3875 .L8 1987
|h Library of Congress classification
|i unmediated -- volume
|m A14810905398
|
| 998 |
f |
f |
|a PA3875 .L8 1987
|t 0
|l Remote Storage
|